Exploring the margins: (Record no. 189660)

MARC details
000 -LEADER
fixed length control field 00588nam a22001817a 4500
005 - DATE AND TIME OF LATEST TRANSACTION
control field 20220708163255.0
010 ## - LCCN (DPL NO)
LC control number ENG-133454
020 ## - INTERNATIONAL STANDARD BOOK NUMBER
International Standard Book Number 9789390961665
Terms of availability 695.00
035 ## - SYSTEM CONTROL NUMBER
System control number EN-116986
037 ## - SOURCE OF ACQUISITION
Source of stock number/acquisition DBAD/PUB
082 ## - DEWEY DECIMAL CLASSIFICATION NUMBER
Classification number 305.56
100 ## - MAIN ENTRY--PERSONAL NAME
Personal name Suresh, Kumar
245 ## - TITLE STATEMENT
Title Exploring the margins:
Remainder of title caste,class and gender identity/
Statement of responsibility, etc Suresh Kumar
260 ## - PUBLICATION, DISTRIBUTION, ETC. (IMPRINT)
Place of publication, distribution, etc New Delhi
Name of publisher, distributor, etc Renu Kaul Verma, Vitasta publishing pvt. ltd.
Date of publication, distribution, etc 2022
270 ## - ADDRESS
City New Delhi
Postal code 110002
Address 2/15,Ansari road,Daryaganj
300 ## - PHYSICAL DESCRIPTION
Extent xi,298p.
Dimensions 23cm(hb)
Other physical details conclusion
942 ## - ADDED ENTRY ELEMENTS (KOHA)
Source of classification or shelving scheme Dewey Decimal Classification
Item type English Books
Classification part 305.56
Call number suffix SUR
Holdings
Withdrawn status Lost status Not for loan Collection code Home library Current library Date acquired Source of acquisition Cost, normal purchase price Full call number Barcode Copy number Cost, replacement price Koha item type
      Non-fiction Sarojini Nagar Sarojini Nagar 08/07/2022 DBAD/PUB 695.00 305.56 SUR EN-116986 1 695.00 English Books

© Delhi Public Library
Hit Counter
free hit counter